|
|
|
|
| LEADER |
00641nab a2200181 i 4500 |
| 001 |
misc2282 |
| 005 |
20191106141431.0 |
| 008 |
170607s1985 hu o 0|| hun d |
| 022 |
|
|
|a 0865-4093
|
| 040 |
|
|
|a SZTE Miscellanea Repozitórium
|b hun
|
| 041 |
|
|
|a hun
|
| 100 |
1 |
|
|a Orwell George
|
| 245 |
1 |
0 |
|a Hála bölcs Vezérünknek, pompás a viz [!víz]
|h [elektronikus dokumentum] /
|c Orwell George
|
| 260 |
|
|
|c 1985
|
| 300 |
|
|
|a 96-99
|
| 490 |
0 |
|
|a Beszélő : politikai és kulturális folyóirat
|v 13-14
|
| 695 |
|
|
|a Irodalomtudomány, Társadalomtudomány
|
| 856 |
4 |
0 |
|u http://misc.bibl.u-szeged.hu/2282/1/beszelo_013_014_096-099.pdf
|z Dokumentum-elérés
|